000 nam a22 7a 4500
999 _c8286
_d8286
008 171213b xxu||||| |||| 00| 0 eng d
100 _aSIN
_94707
245 _aHindi Story Book
260 _aNew Delhi